Karl Marx /

Guardado en:
Detalles Bibliográficos
Autor principal: Garaudy, Roger (autor)
Formato: Libro
Idioma:Francés
Publicado: París, Francia : Seghers, 1964, c1964
Etiquetas: Agrega una etiqueta
Sin etiquetas, Sé el primero en etiquetar este registro!

MARC

LEADER 00000nam^a2200000^a^4500
001 000569884
005 20250521000000.0
009 20260310132217.338
037 |a Acervo ITESO - Biblioteca 
041 |a FRA 
091 |a FGM. 03933 
100 |a Garaudy, Roger  |e (autor) 
245 1 0 |a Karl Marx / 
264 4 |a París, Francia :  |b Seghers,  |c 1964, c1964 
300 |a 313 p. 
336 |a texto  |b txt  |2 rdacontenido 
337 |a sin mediación  |b n  |2 rdamedio 
338 |a volumen  |b nc  |2 rdasoporte 
649 |a XX 
910 |a Fondo Efraín González Morfín 
920 |a Impresos - Libros 
930 |a Fondos Especiales 
905 |a 130 
901 |a 0500392992  |b IT2  |c ESL  |i D92928  |u 20250521 
902 |a https://opac.biblio.iteso.mx/vufind/Record/000569884